[Event "Pays de Charleroi Open 2014"]
[Site "Charleroi BEL"]
[Date "2014.07.27"]
[Round "2.1"]
[White "Callier, Christophe"]
[Black "Gleizerov, Evgeny"]
[Result "0-1"]
[BlackTitle "GM"]
[WhiteElo "2085"]
[BlackElo "2549"]
[WhiteFideId "203270"]
[BlackFideId "4101332"]
[EventDate "2014.07.26"]

1. e4 e6 2. d4 d5 3. Nc3 Nf6 4. Bg5 Be7 5. e5 Nfd7 6. h4 h6 7. Bxe7 Qxe7 8. f4
a6 9. Qg4 O-O 10. Nf3 c5 11. O-O-O Nc6 12. dxc5 f6 13. Qg3 Nxc5 14. Bd3 Bd7 15.
h5 fxe5 16. fxe5 Nxd3+ 17. cxd3 Rf5 18. d4 Raf8 19. Rh4 Na5 20. Ne2 Nc4 21. Rd3
Rxf3 22. gxf3 Qb4 23. Rg4 Qxb2+ 24. Kd1 Ba4+ 25. Ke1 Qb1+ 26. Kf2 Qxd3 27. Rxg7+
Kh8 28. Kg1 Qe3+ 0-1

[Event "Pays de Charleroi Open 2014"]
[Site "Charleroi BEL"]
[Date "2014.07.27"]
[Round "2.2"]
[White "Hovhannisyan, Mher"]
[Black "Mueller, Martin2"]
[Result "1-0"]
[WhiteTitle "IM"]
[WhiteElo "2513"]
[BlackElo "2084"]
[WhiteFideId "13300865"]
[BlackFideId "4649974"]
[EventDate "2014.07.26"]

1. d4 d5 2. Nf3 Nf6 3. g3 c6 4. Bg2 Bg4 5. c4 e6 6. Ne5 Bh5 7. Qb3 Qb6 8. c5
Qxb3 9. axb3 Nfd7 10. f4 Nxe5 11. fxe5 Na6 12. Ra4 Be7 13. Nc3 O-O 14. e4 Bg6
15. Bf4 Nc7 16. Kd2 Rfd8 17. exd5 exd5 18. h4 Ne6 19. Ne2 Bf5 20. Rha1 a6 21.
Rf1 Bg4 22. Bf3 Bxf3 23. Rxf3 Re8 24. Be3 f6 25. Nf4 Nxf4 26. gxf4 fxe5 27. dxe5
Bxh4 28. f5 d4 29. Bxd4 Rad8 30. Kc2 Rd5 31. Bc3 Bg5 32. Rg4 h6 33. b4 a5 34.
bxa5 Rxc5 35. b4 Rd5 36. Kb3 Red8 37. Kc4 Re8 38. f6 gxf6 39. Rxf6 Kh7 40. Rf7+
Kg6 41. Rxb7 Kf5 42. Rg2 Bf4 43. Rf7+ 1-0

[Event "Pays de Charleroi Open 2014"]
[Site "Charleroi BEL"]
[Date "2014.07.27"]
[Round "2.3"]
[White "Schmitz, Andreas Arnold"]
[Black "Ulibin, Mikhail"]
[Result "0-1"]
[WhiteTitle "CM"]
[BlackTitle "GM"]
[WhiteElo "2060"]
[BlackElo "2501"]
[WhiteFideId "4609875"]
[BlackFideId "4101405"]
[EventDate "2014.07.26"]

1. e4 c5 2. c3 e6 3. d4 d5 4. dxc5 Bxc5 5. exd5 exd5 6. Qe2+ Ne7 7. Be3 Bd6 8.
Nd2 O-O 9. O-O-O Nbc6 10. g3 Bf5 11. g4 Bg6 12. Nb3 Nb4 13. f4 Nxa2+ 14. Kd2 d4
15. Nxd4 Nd5 16. Qc4 Nxe3 17. Kxe3 Re8+ 18. Kf2 Qh4+ 19. Kg2 Qxg4+ 20. Kf2 Qxd1
21. Ngf3 Nc1 22. Bg2 Nd3+ 23. Kg3 Bxf4+ 24. Kh4 Re1 25. Bf1 0-1

[Event "Pays de Charleroi Open 2014"]
[Site "Charleroi BEL"]
[Date "2014.07.27"]
[Round "2.4"]
[White "Werner, Ivan"]
[Black "Sarrau, Jelle"]
[Result "0-1"]
[BlackTitle "FM"]
[WhiteElo "2059"]
[BlackElo "2325"]
[WhiteFideId "204420"]
[BlackFideId "207608"]
[EventDate "2014.07.26"]

1. e4 c5 2. Nf3 d6 3. c3 Nf6 4. Bc4 Nc6 5. d3 e6 6. Qe2 Be7 7. O-O O-O 8. Re1
Ne5 9. Bb3 b6 10. d4 Nxf3+ 11. Qxf3 Bb7 12. Nd2 cxd4 13. cxd4 Rc8 14. Nf1 d5 15.
e5 Ne4 16. Qd1 f5 17. f3 Ng5 18. Ng3 Ba6 19. Nh5 Rc6 20. Bd2 Qc7 21. Rc1 Bc4 22.
Nf4 b5 23. a4 b4 24. Bc2 Qb6 25. Be3 Rfc8 26. b3 Ba6 27. Bd3 Rxc1 28. Bxc1 Bxd3
29. Qxd3 Rc3 30. Qd1 Nf7 31. Ne2 Rc6 32. Be3 Nd8 33. Qd2 Nb7 34. Rc1 Na5 35.
Rxc6 Qxc6 36. Qc1 Qxc1+ 37. Nxc1 Kf7 38. Kf2 g5 39. Ke2 f4 40. Bf2 Kg6 41. Kd3
Kf5 42. Kc2 h5 43. h3 Bd8 44. Kd3 Bb6 45. Be1 Nc6 46. Ne2 Bd8 47. Bd2 h4 48. Be3 0-1

[Event "Pays de Charleroi Open 2014"]
[Site "Charleroi BEL"]
[Date "2014.07.28"]
[Round "3.1"]
[White "Gleizerov, Evgeny"]
[Black "Hoffmeister, Frank"]
[Result "1-0"]
[WhiteTitle "GM"]
[WhiteElo "2549"]
[BlackElo "2215"]
[WhiteFideId "4101332"]
[BlackFideId "24610275"]
[EventDate "2014.07.26"]

1. d4 Nf6 2. c4 g6 3. Nc3 d5 4. cxd5 Nxd5 5. Bd2 Bg7 6. e4 Nxc3 7. Bxc3 O-O 8.
Rc1 c5 9. dxc5 Qxd1+ 10. Kxd1 Bh6 11. Bd2 Rd8 12. Nf3 Bg4 13. Ke1 Bxf3 14. Bxh6
Bxe4 15. f3 Bd5 16. a3 Nc6 17. b4 e5 18. Kf2 Nd4 19. Bg5 Re8 20. Bc4 Bxc4 21.
Rxc4 a5 22. Re1 axb4 23. axb4 Kg7 24. Kf1 Ne6 25. Bh4 f6 26. b5 Rac8 27. Bf2 Kf7
28. Ra1 Ra8 29. Rca4 Rxa4 30. Rxa4 Rc8 31. c6 Nd8 32. Ra7 Ke8 33. Bc5 Nxc6 34.
bxc6 Rxc6 35. Be3 Rc7 36. Ke2 Rc2+ 37. Bd2 Rb2 38. Kd3 Kf7 39. Ra4 Rb6 40. Rc4
Rd6+ 41. Ke3 Rd7 42. Rb4 h5 43. h4 Ke6 44. g4 hxg4 45. fxg4 Kd5 46. Rb6 Rf7 47.
g5 fxg5 48. hxg5 Rh7 49. Rxg6 Rh3+ 50. Ke2 Ke4 51. Rh6 Rg3 52. Rh4+ Kf5 53. Rb4
Rg2+ 54. Kd3 b6 55. Be3 Rg3 56. Rxb6 e4+ 57. Kd4 1-0

[Event "Pays de Charleroi Open 2014"]
[Site "Charleroi BEL"]
[Date "2014.07.28"]
[Round "3.2"]
[White "Lacroix, Bruno"]
[Black "Hovhannisyan, Mher"]
[Result "0-1"]
[BlackTitle "IM"]
[WhiteElo "2184"]
[BlackElo "2513"]
[WhiteFideId "201332"]
[BlackFideId "13300865"]
[EventDate "2014.07.26"]

1. d4 d5 2. Bf4 e6 3. e3 c5 4. c3 Nf6 5. Nd2 Bd6 6. Bg3 O-O 7. Ngf3 b6 8. Ne5
Qc7 9. Bd3 Ba6 10. Bxa6 Nxa6 11. O-O Nb8 12. c4 cxd4 13. exd4 Nc6 14. cxd5 Nxd4
15. Rc1 Qxc1 0-1

[Event "Pays de Charleroi Open 2014"]
[Site "Charleroi BEL"]
[Date "2014.07.29"]
[Round "5.1"]
[White "Gleizerov, Evgeny"]
[Black "Hovhannisyan, Mher"]
[Result "1/2-1/2"]
[WhiteTitle "GM"]
[BlackTitle "IM"]
[WhiteElo "2549"]
[BlackElo "2513"]
[WhiteFideId "4101332"]
[BlackFideId "13300865"]
[EventDate "2014.07.26"]

1. d4 d5 2. c4 c6 3. Nf3 Nf6 4. Nc3 a6 5. Ne5 e6 6. g3 dxc4 7. Bg2 b5 8. O-O Bb7
9. b3 b4 10. Na4 c3 11. Nc4 Nbd7 12. Bf4 a5 13. a3 Nd5 14. Nd6+ Bxd6 15. Bxd6
Nb8 16. Bc5 Na6 17. e4 Ndc7 18. Bb6 O-O 19. Bxa5 Qe7 20. Nc5 Nxc5 21. Bxb4 N7a6
22. dxc5 Nxb4 23. axb4 Rxa1 24. Qxa1 Qf6 25. Qa7 Bc8 26. Rc1 Qd4 27. Qa1 Rd8 28.
h4 Qxb4 29. Qxc3 Qxc3 30. Rxc3 Rd1+ 31. Kh2 Ba6 32. e5 Bb5 33. g4 g6 34. Kg3 Kg7
35. Be4 h6 36. Kf4 Rf1 37. Ke3 Re1+ 38. Kd4 Rd1+ 39. Bd3 f6 40. Ke3 Bxd3 41.
exf6+ Kxf6 42. Rxd3 Rc1 43. b4 Rb1 44. Rd4 g5 45. h5 Ke5 46. Re4+ Kd5 47. Rd4+
Ke5 48. Rd6 Rb3+ 49. Ke2 Rxb4 50. f3 Rb2+ 51. Ke3 Rb3+ 52. Kf2 Kf4 53. Rd4+ Ke5
54. Rd7 Rc3 55. Rh7 Kf4 56. Rf7+ Ke5 57. Kg3 Rxc5 58. Rh7 Kf6 59. Rxh6+ Kf7 60.
Rh7+ Kf6 61. Rd7 Rc1 62. Rd2 c5 63. Rh2 Rg1+ 64. Kf2 Ra1 65. Ke3 Ke5 66. Rc2
Ra3+ 67. Kf2 Ra5 68. Kg3 Kf6 69. Rc3 Rb5 70. f4 c4 71. Rxc4 Rb3+ 72. Kf2 gxf4
73. Rxf4+ Kg5 74. Re4 Ra3 75. Re3 Ra4 76. Rg3 Ra2+ 77. Kf3 Ra3+ 78. Kg2 Ra1 79.
Kh2 Rb1 80. Rg2 Rb3 81. Rg3 Rb1 82. Kh3 Rh1+ 83. Kg2 Ra1 84. Kh2 Rb1 85. Rg2 Rb3
86. Kg1 Rb1+ 87. Kf2 Rb3 88. Ke2 Ra3 1/2-1/2

[Event "Pays de Charleroi Open 2014"]
[Site "Charleroi BEL"]
[Date "2014.07.29"]
[Round "5.2"]
[White "Daels, Marc"]
[Black "Ulibin, Mikhail"]
[Result "0-1"]
[WhiteTitle "FM"]
[BlackTitle "GM"]
[WhiteElo "2239"]
[BlackElo "2501"]
[WhiteFideId "201502"]
[BlackFideId "4101405"]
[EventDate "2014.07.26"]

1. e4 e6 2. d4 d5 3. exd5 exd5 4. Nf3 Bd6 5. c4 Nf6 6. Nc3 dxc4 7. Bxc4 O-O 8.
O-O Nc6 9. h3 h6 10. Re1 Bf5 11. Be3 a6 12. a3 Qd7 13. b4 Rfe8 14. Bf1 Ne4 15.
Qb3 Nxc3 16. Qxc3 Be4 17. Nd2 Bd5 18. Bc4 Ne7 19. Rad1 b5 20. Bxd5 Nxd5 21. Qb3
a5 22. bxa5 Rxa5 23. Nb1 c6 24. Bc1 Ra4 25. Bb2 Re6 26. Nc3 Rxd4 27. Nxb5 Rxd1
28. Rxd1 cxb5 29. Qxd5 Re1+ 30. Rxe1 Bh2+ 31. Kxh2 Qxd5 32. Bc1 Qc5 33. Kg1 Qc3
34. Kf1 g5 35. g3 f5 36. Rd1 Qf3 37. Rd8+ Kf7 38. Kg1 Qc3 39. Rd1 Qc2 40. Re1
Qc3 41. Rf1 Ke6 42. Kg2 Qc6+ 43. Kh2 Qf3 44. Be3 f4 45. gxf4 gxf4 46. Bc5 Kd5
47. Rc1 h5 48. h4 Qg4 49. Be7 Qe2 50. Bc5 Qb2 0-1

[Event "Pays de Charleroi Open 2014"]
[Site "Charleroi BEL"]
[Date "2014.07.29"]
[Round "5.3"]
[White "Van Melkebeke, Willem"]
[Black "Sadikhov, Ulvi"]
[Result "1/2-1/2"]
[WhiteElo "2030"]
[BlackElo "2335"]
[WhiteFideId "210129"]
[BlackFideId "13401416"]
[EventDate "2014.07.26"]

1. e4 d6 2. Nc3 Nf6 3. Bc4 e5 4. f4 exf4 5. Nf3 Nc6 6. d4 Bg4 7. Bb5 a6 8. Bxc6+
bxc6 9. Bxf4 Be7 10. O-O O-O 11. Qd3 a5 12. Kh1 Bh5 13. Qc4 Qd7 14. e5 d5 15.
Qe2 Ne8 16. Qd2 a4 17. a3 Bg4 18. Ne1 Be6 19. Nd3 Bf5 20. Rae1 Qe6 21. Qe3 h6
22. Qg3 g5 23. Bc1 Ng7 24. Re2 Qg6 25. Ne1 Rfd8 26. Qf2 Ra5 27. Be3 Be6 28. Nd3
Nf5 29. Bd2 h5 30. Na2 Ra6 31. Bb4 Bxb4 32. Naxb4 Rb6 33. Nc5 Ra8 34. c3 Bc8 1/2-1/2

[Event "Pays de Charleroi Open 2014"]
[Site "Charleroi BEL"]
[Date "2014.07.29"]
[Round "5.4"]
[White "Sarrau, Jelle"]
[Black "Herman, Jean"]
[Result "1/2-1/2"]
[WhiteTitle "FM"]
[WhiteElo "2325"]
[BlackElo "2218"]
[WhiteFideId "207608"]
[BlackFideId "263036"]
[EventDate "2014.07.26"]

1. d4 d5 2. c4 c6 3. Nf3 Nf6 4. Nc3 dxc4 5. a4 Bf5 6. Ne5 Nbd7 7. Nxc4 Nb6 8.
Ne5 a5 9. f3 Nfd7 10. e4 Nxe5 11. exf5 Ned7 12. d5 g6 13. Qd4 Nf6 14. Bg5 Bg7
15. O-O-O O-O 16. dxc6 Nfd5 17. f6 exf6 18. Nxd5 Qxd5 19. Qxd5 Nxd5 20. cxb7 Ra7
21. Bd2 Rxb7 22. Bb5 Nc7 23. Bc6 Rb6 24. Bd7 Ra8 25. Bc3 f5 26. Bxg7 Kxg7 27.
Rhe1 Rab8 28. Rd2 Kf6 29. Re3 Ne6 30. Rc3 Rd8 31. b3 Ke5 1/2-1/2

[Event "Pays de Charleroi Open 2014"]
[Site "Charleroi BEL"]
[Date "2014.07.29"]
[Round "5.5"]
[White "Le Quang, Kim"]
[Black "Van Mechelen, Jan"]
[Result "1-0"]
[WhiteTitle "FM"]
[BlackTitle "FM"]
[WhiteElo "2288"]
[BlackElo "2197"]
[WhiteFideId "200700"]
[BlackFideId "201863"]
[EventDate "2014.07.26"]

1. e4 e5 2. Nf3 Nc6 3. Bb5 a6 4. Ba4 Nf6 5. d3 d6 6. c3 g6 7. Nbd2 Bg7 8. Nf1
O-O 9. Ng3 b5 10. Bc2 Bb7 11. h4 d5 12. Qe2 b4 13. h5 bxc3 14. bxc3 a5 15. hxg6
hxg6 16. Nh4 Qd6 17. Nhf5 gxf5 18. Nxf5 Qc5 19. Qd2 Ne7 20. d4 exd4 21. Qxd4
Nxf5 22. Qxc5 Nxe4 23. Bxe4 Rfe8 24. O-O Rxe4 25. Qxc7 Ba6 26. Qc6 1-0

[Event "Pays de Charleroi Open 2014"]
[Site "Charleroi BEL"]
[Date "2014.07.29"]
[Round "5.6"]
[White "Maes, Wim"]
[Black "Di Cosmo, Jonathan"]
[Result "1-0"]
[WhiteTitle "FM"]
[WhiteElo "2267"]
[BlackElo "1996"]
[WhiteFideId "201073"]
[BlackFideId "206512"]
[EventDate "2014.07.26"]

1. e4 c5 2. Nf3 e6 3. d3 Nc6 4. g3 Nf6 5. Bg2 d5 6. Nbd2 Be7 7. O-O O-O 8. Re1
Re8 9. c3 b6 10. a3 Bb7 11. h4 dxe4 12. dxe4 Qc7 13. e5 Nd7 14. Qe2 a6 15. b3
Rad8 16. c4 Bf8 17. Bb2 g6 18. Ne4 Bg7 19. Nd6 Re7 20. Nxb7 Qxb7 21. Rad1 Qc7
22. h5 Ree8 23. Kf1 Rb8 24. Qe4 Red8 25. Qf4 b5 26. hxg6 hxg6 27. Ng5 Ncxe5 28.
Rxd7 Rxd7 29. Bxe5 Bxe5 30. Rxe5 bxc4 31. Be4 cxb3 32. Bxg6 fxg6 33. Qf6 Rd1+
34. Ke2 Qd7 35. Qxg6+ Qg7 36. Qxe6+ Kh8 37. Nf7+ 1-0

[Event "Pays de Charleroi Open 2014"]
[Site "Charleroi BEL"]
[Date "2014.07.30"]
[Round "6.1"]
[White "Hovhannisyan, Mher"]
[Black "Ulibin, Mikhail"]
[Result "1/2-1/2"]
[WhiteTitle "IM"]
[BlackTitle "GM"]
[WhiteElo "2513"]
[BlackElo "2501"]
[WhiteFideId "13300865"]
[BlackFideId "4101405"]
[EventDate "2014.07.26"]

1. d4 d5 2. c4 c6 3. cxd5 cxd5 4. Nc3 Nf6 5. Nf3 Nc6 6. Bf4 Bf5 7. e3 e6 8. Bd3
Bxd3 9. Qxd3 Bd6 10. Bxd6 Qxd6 11. O-O O-O 12. Rfc1 Rac8 13. a3 Na5 14. Ne2 Nc4
15. Rc2 Rc7 16. b3 Nb6 17. Rxc7 Qxc7 18. Nd2 Rc8 19. Rc1 Qd6 20. Rxc8+ Nxc8 21.
Qc3 Ne7 22. b4 1/2-1/2

[Event "Pays de Charleroi Open 2014"]
[Site "Charleroi BEL"]
[Date "2014.07.30"]
[Round "6.2"]
[White "Thirion, Marcel"]
[Black "Gleizerov, Evgeny"]
[Result "0-1"]
[BlackTitle "GM"]
[WhiteElo "2151"]
[BlackElo "2549"]
[WhiteFideId "202053"]
[BlackFideId "4101332"]
[EventDate "2014.07.26"]

1. d4 e6 2. Nf3 f5 3. g3 Nf6 4. Bg2 d5 5. O-O Bd6 6. c4 c6 7. b3 Qe7 8. a4 a5 9.
Ba3 Bxa3 10. Nxa3 O-O 11. Ne5 b6 12. Qc2 Bb7 13. Nd3 Na6 14. Qb2 Rac8 15. Rfc1
c5 16. Nc2 Ne4 17. f3 Nf6 18. e3 Nd7 19. f4 Nf6 20. Ne5 Rfd8 21. Ne1 Nb4 22.
N1d3 Nxd3 23. Nxd3 cxd4 24. exd4 dxc4 25. Bxb7 Qxb7 26. bxc4 Qe4 27. Ne5 Qe3+
28. Qf2 Qxf2+ 29. Kxf2 Rxd4 30. Ke3 Rcd8 31. Rab1 Ng4+ 32. Nxg4 Re4+ 33. Kf3
Rd3+ 34. Kg2 fxg4 35. Rc2 Rd6 36. Rb5 Rc6 37. c5 Rb4 38. h3 h5 39. hxg4 hxg4 40.
Kf1 Kf7 41. cxb6 Rxc2 42. b7 Rd4 43. Ke1 Rd8 44. b8=Q Rxb8 45. Rxb8 Ra2 46. Rb5
Rxa4 47. f5 Re4+ 48. Kf2 a4 49. fxe6+ Kxe6 50. Ra5 Kd6 51. Rb5 Kc6 52. Rb8 Kc5
53. Rb7 a3 54. Rxg7 Ra4 55. Rg5+ Kd6 0-1

[Event "Pays de Charleroi Open 2014"]
[Site "Charleroi BEL"]
[Date "2014.07.30"]
[Round "6.3"]
[White "Sadikhov, Ulvi"]
[Black "Mueller, Martin2"]
[Result "1/2-1/2"]
[WhiteElo "2335"]
[BlackElo "2084"]
[WhiteFideId "13401416"]
[BlackFideId "4649974"]
[EventDate "2014.07.26"]

1. e4 c6 2. d3 d5 3. Nd2 e5 4. Ngf3 Bd6 5. g3 Nf6 6. Bg2 O-O 7. O-O Re8 8. Re1
d4 9. c3 c5 10. Nc4 Nc6 11. cxd4 cxd4 12. Nxd6 Qxd6 13. Nh4 Ne7 14. h3 Bd7 15.
f4 Rac8 16. Nf3 Ng6 17. fxe5 Nxe5 18. Nxe5 Qxe5 19. Bf4 Qh5 20. Rc1 Rxc1 21.
Bxc1 Qg6 22. Qf3 Bc6 23. Qf2 h6 24. b3 Nd7 25. Qxd4 Qxg3 26. Rf1 Qe5 27. Qf2 f6
28. Bf4 Qe7 29. Qg3 Kh8 30. h4 Nf8 31. Bh3 Qc5+ 32. Kh2 Qe7 33. Rc1 Rd8 34. Bf5
a6 35. a4 Qf7 36. b4 Qa2+ 37. Kh1 Qf7 38. b5 axb5 39. axb5 Bxb5 40. Rc7 Qg8 41.
Bxh6 Bd7 42. Qe3 Qa2 43. Bxd7 Rxd7 44. Rc8 Qb1+ 45. Qc1 Qxd3 46. Rxf8+ Kh7 47.
Be3 Qxe4+ 48. Kh2 Qxh4+ 49. Kg2 Qg4+ 50. Kf2 Qf5+ 51. Kg2 Qe4+ 52. Kf2 Rd5 53.
Kg3 Rf5 54. Bf4 Rh5 55. Qc8 Qd3+ 56. Kf2 Qd4+ 57. Kf3 Qd1+ 58. Kf2 Qd4+ 59. Kf3
Qd5+ 60. Kf2 Qc5+ 61. Qxc5 Rxc5 62. Rb8 b5 63. Rb7 Kg6 64. Bd6 Rg5 65. Bf8 Kh7
66. Bxg7 Rxg7 67. Rxb5 Kg6 68. Kf3 Ra7 69. Kf4 Ra4+ 70. Kf3 f5 71. Rc5 1/2-1/2

[Event "Pays de Charleroi Open 2014"]
[Site "Charleroi BEL"]
[Date "2014.07.30"]
[Round "6.4"]
[White "Charlier, Jean-Paul"]
[Black "Sarrau, Jelle"]
[Result "0-1"]
[BlackTitle "FM"]
[WhiteElo "2050"]
[BlackElo "2325"]
[WhiteFideId "208477"]
[BlackFideId "207608"]
[EventDate "2014.07.26"]

1. d4 Nf6 2. c4 e6 3. Nc3 Bb4 4. Qc2 O-O 5. a3 Bxc3+ 6. Qxc3 d5 7. Bg5 c5 8.
cxd5 cxd4 9. Qxd4 Nc6 10. Qf4 Nxd5 11. Bxd8 Nxf4 12. Bg5 e5 13. g3 Ne6 14. Bd2
Ned4 15. Rc1 Nb3 16. Rc3 Nxd2 17. Kxd2 Rd8+ 18. Kc1 Be6 19. e3 Na5 20. Bd3 Nb3+
21. Kb1 Rxd3 22. Rxd3 Bf5 23. Kc2 Nc5 24. b4 Bxd3+ 25. Kc3 Ne4+ 26. Kxd3 Nxf2+ 0-1

[Event "Pays de Charleroi Open 2014"]
[Site "Charleroi BEL"]
[Date "2014.07.30"]
[Round "6.5"]
[White "Werner, Ivan"]
[Black "Le Quang, Kim"]
[Result "0-1"]
[BlackTitle "FM"]
[WhiteElo "2059"]
[BlackElo "2288"]
[WhiteFideId "204420"]
[BlackFideId "200700"]
[EventDate "2014.07.26"]

1. e4 c5 2. Nf3 d6 3. c3 Nf6 4. Bc4 Nc6 5. Qe2 g6 6. d3 Bg7 7. Nbd2 O-O 8. Nf1
d5 9. Bb3 c4 10. exd5 cxb3 11. dxc6 bxc6 12. axb3 Nd5 13. Ra3 e5 14. Be3 Nf4 15.
Bxf4 exf4 16. Kd1 Re8 17. Qd2 Bf5 18. d4 Qd5 19. h3 Bf8 20. Ra1 Qxb3+ 21. Kc1
Rab8 22. Ne5 Ba3 23. Nc4 Re1+ 0-1

[Event "Pays de Charleroi Open 2014"]
[Site "Charleroi BEL"]
[Date "2014.07.30"]
[Round "6.6"]
[White "Boons, Patrick"]
[Black "Maes, Wim"]
[Result "0-1"]
[BlackTitle "FM"]
[WhiteElo "2029"]
[BlackElo "2267"]
[WhiteFideId "205249"]
[BlackFideId "201073"]
[EventDate "2014.07.26"]

1. e4 c5 2. Nc3 a6 3. g3 b5 4. Bg2 Bb7 5. d3 e6 6. Nf3 d6 7. O-O Nf6 8. h3 Qc7
9. Be3 Nbd7 10. Nh4 b4 11. Ne2 d5 12. exd5 Nxd5 13. Qd2 Be7 14. Nf3 Nxe3 15.
Qxe3 O-O 16. Ng5 Bxg2 17. Kxg2 Nf6 18. Ne4 Nd5 19. Qf3 Rad8 20. Rfd1 h6 21. a3
a5 22. axb4 cxb4 23. c4 bxc3 24. N4xc3 Bf6 25. d4 Qb6 26. Ra4 Qxb2 27. Rb1 Qc2
28. Rc1 Qh7 29. Ne4 Qg6 30. Rxa5 Rb8 31. Nxf6+ Qxf6 32. Qxf6 Nxf6 33. Rc2 Rb7
34. Rac5 g5 35. f4 gxf4 36. gxf4 Nd5 37. Kf2 Rb3 38. h4 Rh3 39. Rc1 Kh7 40. Kg2
Rxh4 41. Kg3 Rh5 42. Rc8 Rxc8 43. Rxc8 Nf6 44. Rc7 Kg7 45. Ra7 Rb5 46. Ra3 Rb2
47. Kf3 Kg6 48. Ng3 Rb4 49. Ke3 Nd5+ 50. Ke4 Ne7 51. Ne2 Nf5 52. Rd3 h5 53. Kf3
Ne7 54. Ng3 Rb1 55. Ne2 Nd5 56. Ra3 Rd1 57. Rb3 Rd2 58. Ra3 h4 59. Rb3 h3 60.
Rb8 Kh7 61. Rb1 Rxe2 0-1

[Event "Pays de Charleroi Open 2014"]
[Site "Charleroi BEL"]
[Date "2014.07.31"]
[Round "7.1"]
[White "Gleizerov, Evgeny"]
[Black "Le Quang, Kim"]
[Result "1/2-1/2"]
[WhiteTitle "GM"]
[BlackTitle "FM"]
[WhiteElo "2549"]
[BlackElo "2288"]
[WhiteFideId "4101332"]
[BlackFideId "200700"]
[EventDate "2014.07.26"]

1. d4 Nf6 2. c4 g6 3. Nc3 Bg7 4. e4 d6 5. Nf3 O-O 6. Be2 e5 7. O-O exd4 8. Nxd4
Re8 9. f3 c6 10. Nb3 a5 11. Na4 c5 12. Rb1 Bd7 13. Nc3 a4 14. Na1 Nh5 15. Nd5
Nc6 16. Nc2 Nd4 17. Be3 Nxe2+ 18. Qxe2 f5 19. exf5 gxf5 20. Qd2 Qa5 21. Qf2 f4
22. Nxf4 Nxf4 23. Bxf4 Bf5 24. Rbd1 Re6 25. Rxd6 Rxd6 26. Bxd6 Rd8 27. Bf4 Bd3
28. Rd1 Bxc4 29. Rxd8+ Qxd8 30. h3 Bxa2 31. Qxc5 Bxb2 32. Kh2 Bb3 33. Ne3 Be6
34. Be5 a3 35. f4 Qc8 36. Qd6 Bxe5 37. Qxe5 a2 38. f5 Bxf5 39. Nxf5 Qxf5 40.
Qxf5 a1=Q 41. Qc8+ Kg7 42. Qxb7+ Kg6 43. Qe4+ Kg7 44. h4 Qc1 1/2-1/2

[Event "Pays de Charleroi Open 2014"]
[Site "Charleroi BEL"]
[Date "2014.07.31"]
[Round "7.2"]
[White "Maes, Wim"]
[Black "Hovhannisyan, Mher"]
[Result "0-1"]
[WhiteTitle "FM"]
[BlackTitle "IM"]
[WhiteElo "2267"]
[BlackElo "2513"]
[WhiteFideId "201073"]
[BlackFideId "13300865"]
[EventDate "2014.07.26"]

1. e4 e6 2. d3 d5 3. Nd2 Nf6 4. Ngf3 b6 5. g3 dxe4 6. dxe4 Bb7 7. Bb5+ Nbd7 8.
Qe2 a6 9. Bd3 Nc5 10. b3 Be7 11. Bb2 O-O 12. O-O Nxd3 13. cxd3 c5 14. Ne5 Nd7
15. Nxd7 Qxd7 16. Nc4 Qc6 17. Rad1 f6 18. f3 Rfd8 19. Kg2 e5 20. f4 exf4 21.
Rxf4 Qe6 22. Ne3 Rd7 23. Nf5 Bf8 24. Kg1 Rad8 25. h4 a5 26. h5 h6 27. Kh2 Kh7
28. Rg4 Rd5 29. Qf3 Rxf5 30. Rxg7+ Bxg7 31. Qg4 Rf2+ 0-1

[Event "Pays de Charleroi Open 2014"]
[Site "Charleroi BEL"]
[Date "2014.07.31"]
[Round "7.3"]
[White "Ulibin, Mikhail"]
[Black "Sclacmender, Julien"]
[Result "1/2-1/2"]
[WhiteTitle "GM"]
[WhiteElo "2501"]
[BlackElo "2223"]
[WhiteFideId "4101405"]
[BlackFideId "204340"]
[EventDate "2014.07.26"]

1. e4 c5 2. Nf3 g6 3. c4 Nc6 4. d4 cxd4 5. Nxd4 Bg7 6. Be3 Nf6 7. Nc3 d6 8. Be2
O-O 9. O-O Bd7 10. f4 Nxd4 11. Bxd4 Bc6 12. b4 e5 13. fxe5 Nxe4 14. b5 Nxc3 15.
Bxc3 Be4 16. Bf3 Bxf3 17. Qxf3 Qb6+ 18. Kh1 Bxe5 19. Rad1 Bxc3 20. Qxc3 Rac8 21.
Rd5 Rc5 22. Qd4 Rxd5 23. Qxd5 Qc5 24. Qxc5 dxc5 25. Rd1 Re8 26. h3 Re7 27. a4 b6
28. a5 bxa5 29. Ra1 Re4 30. Rxa5 Rxc4 31. Rxa7 Rb4 32. Rb7 c4 33. Rc7 Rxb5 34.
Rxc4 h5 35. h4 Rb3 36. Kh2 Re3 37. Rc8+ Kg7 38. Rc6 Re6 39. Rc4 Re3 1/2-1/2

[Event "Pays de Charleroi Open 2014"]
[Site "Charleroi BEL"]
[Date "2014.07.31"]
[Round "7.4"]
[White "Sarrau, Jelle"]
[Black "Bomans, Arno"]
[Result "1-0"]
[WhiteTitle "FM"]
[WhiteElo "2325"]
[BlackElo "2209"]
[WhiteFideId "207608"]
[BlackFideId "206024"]
[EventDate "2014.07.26"]

1. Nf3 Nf6 2. c4 e6 3. g3 b6 4. Bg2 Bb7 5. O-O c5 6. Nc3 Be7 7. b3 d6 8. Bb2
Nbd7 9. d4 cxd4 10. Nxd4 Bxg2 11. Kxg2 Qc7 12. e3 a6 13. f4 O-O 14. Qf3 Rfe8 15.
Rad1 Bf8 16. g4 e5 17. Nf5 g6 18. Ng3 Bg7 19. g5 e4 20. Qe2 Nh5 21. Nxh5 gxh5
22. Nd5 Qd8 23. Bxg7 Kxg7 24. Qxh5 Re6 25. f5 Re5 26. Rf4 Kh8 27. Kh1 Qg8 28.
Nf6 Nxf6 29. gxf6 Qg6 30. fxg6 Rxh5 31. g7+ Kg8 32. Rxd6 b5 33. Rxe4 bxc4 34.
Red4 Re8 35. Rd8 Re5 36. Rxe8+ Rxe8 37. Rxc4 h5 38. Rc7 h4 39. Kg2 a5 40. e4 Ra8
41. Kh3 a4 42. bxa4 Re8 43. e5 Ra8 44. a5 Rd8 45. a6 Rd3+ 46. Kxh4 Rd4+ 47. Kg3
Rd3+ 48. Kf2 1-0

[Event "Pays de Charleroi Open 2014"]
[Site "Charleroi BEL"]
[Date "2014.07.31"]
[Round "7.5"]
[White "De Strycker, Nathan"]
[Black "Sadikhov, Ulvi"]
[Result "1/2-1/2"]
[WhiteElo "2114"]
[BlackElo "2335"]
[WhiteFideId "226343"]
[BlackFideId "13401416"]
[EventDate "2014.07.26"]

1. d4 d6 2. Nf3 g6 3. c4 Bg7 4. Nc3 Nd7 5. e4 e5 6. Be2 Ngf6 7. O-O O-O 8. Be3
exd4 9. Nxd4 Nc5 10. f3 a5 11. Qd2 Re8 12. Rad1 Nfd7 13. Ndb5 b6 14. Nd5 Ne6 15.
f4 f5 16. exf5 gxf5 17. Bh5 Rf8 18. Bf3 Rb8 19. Nd4 Nxd4 20. Bxd4 Nc5 21. Bxg7
Kxg7 22. Qd4+ Kg6 23. Qf2 h6 24. Qg3+ Kh7 25. Rfe1 Be6 26. Bh5 Rg8 27. Qh3 Rf8
28. Qg3 Rg8 29. Qh3 Rf8 30. Qg3 1/2-1/2